Statystyki dla Podaj nazwę pasującego kraju nr 1

Kliknij tutaj aby rozwiązać quiz!

Ogólne statystyki

  • Ten quiz został rozwiązany 1 031 razy
    (1 028 od ostatniego zresetowania)
  • Średni wynik to 10 z 20

Statystyki odpowiedzi

Nazwij kraj ...Odpowiedź% Poprawnych
którego flaga jest tylko niebieska i żółtaUkraina | Kazachstan | Palau | Szwecja
79%
całkowicie otoczony innym krajemLesotho | San Marino | Watykan
75%
z ziemią na równikuBrazylia | D.R. Konga | Ekwador | Gabon | Indonezja | Kenia | Kolumbia | Somalia | Uganda | Wyspy Świętego Tomasza i Książeca
73%
graniczy z Morzem CzarnymBułgaria | Gruzja | Rosja | Rumunia | Turcja | Ukraina
72%
graniczy tylko z Chinami i IndiamiBhutan | Nepal
67%
którego flaga jest tylko niebiesko-białaGrecja | Finlandia | Honduras | Izrael | Mikronezja | Somalia
62%
graniczący z Morzem CzerwonymArabia Saudyjska | Dżibuti | Egipt | Erytrea |
Izrael | Jemen | Jordania | Sudan
60%
uważany przez Stany Zjednoczone za państwowego sponsora terroryzmuIran | Korea Północna | Sudan | Syria
54%
o średniej wysokości
ponad 3000 metrów
Bhutan | Nepal | Tadżykistan
52%
w którym uprawiane jest ponad 600 000 ton metrycznych kawyBrazylia | Indonezja | Kolumbia | Wietnam
52%
na wyspie BorneoBrunei | Indonezja | Malezja
47%
która graniczy z Wybrzeżem
Kości Słoniowej
Burkina Faso | Ghana | Gwinea | Liberia | Mali
47%
leżący nad jeziorem WiktoriiKenia | Tanzania | Uganda
46%
które średnio wynoszą mniej niż 6 centymetrów mm opadów rocznieArabia Saudyjska | Egipt | Libia
42%
który jest rozpoznawany przez JetPunk, ale nie przez ONZKosowo | Tajwan
39%
z KS w nazwieLuksemburg | Meksyk | Wyspy Swietego Tomasza i Ksiazeca
38%
którego stolica zaczyna się na J.Izrael | Kamerun | Wybrzeze Kosci Sloniowej
37%
to była kolonia, która uzyskała niepodległość od HolandiiIndonezja | Surinam
34%
który nie miał ludzi w roku 600 neBahamy | Islandia | Mauritius | Nowa Zelandia | Republika Zielonego Przylądka | Seszele | Wyspy Świętego Tomasza i Książeca
23%
których populacja spadła o ponad 5% między 2010 a 2017 rAndora | Bośnia i Hercegowina | Chorwacja |
Gruzja | Łotwa | Litwa | Syria
21%

Rozkład punktacji

Percentyl według liczby udzielonych odpowiedzi

Procent ludzi z każdym wynikiem

Twoja historia wyników

Nie rozwiązałeś tego quizu od ostatniego zresetowania